| 000 | 00969nas a2200289 4500 | ||
|---|---|---|---|
| 001 | BR0808016 | ||
| 003 | BR-BrBNA | ||
| 005 | 20231205112756.0 | ||
| 007 | ta | ||
| 008 | 230509b bl.|||p| |||| 00| 00por d | ||
| 040 |
_aBR-BrBNA _bpor _cBiblioteca Nacional de Agricultura |
||
| 041 | _a(Pt) | ||
| 072 | _aL70 | ||
| 100 | 1 | _aLaus, J.L. | |
| 100 | 1 | _aGalera, P.D. | |
| 100 | 1 | _aSouza, M.S.B. de | |
| 100 | 1 | _aMorales, A. | |
| 100 | 1 | _aAndrade, A.L. de | |
| 245 | 1 | _aPadronização dos valores do teste da lágrima de schirmer modificado e da tonometria de identação pelo método de Schiotz em cães da região de Jaboticabal | |
| 650 | _aCÃO | ||
| 650 | _aDISTRIBUIÇÃO GEOGRÁFICA | ||
| 650 | _aJABOTICABAL | ||
| 650 | _aCIÊNCIA ANIMAL | ||
| 773 | 0 |
_tBrazilian Journal of Veterinary Research and Animal Science (Brazil) _xISSN 1413-9596 _g(1995), v. 32(3) p. 173-176 _wBR0808016 |
|
| 909 |
_a202311 _bLúcia _c55 _dLúcia Elande |
||
| 942 |
_2AGRIS _n0 _cANA |
||
| 999 |
_c199913 _d199913 |
||